000 00716nam a2200217 i 4500
001 bg
245 0 0 _aLaboratorium materiałoznawstwa elektrycznego /
_cpod red. Józefa Kędzi ; aut. Józef Kędzia [et al.].
260 _aOpole :
_bOficyna Wydaw. PO,
_c1998.
300 _a203 s. :
_brys., wykr. ;
_c24 cm.
490 1 _aSkrypt / Politechnika Opolska,
_x1427-9932 ;
_vnr 211
504 _aBibliogr. s. 201-203.
650 9 _aElektrotechnika
_xmateriały
655 _aPodręczniki akademickie
700 1 _aKĘDZIA, Józef
830 0 _aSkrypt (Politechnika Opolska) ;
_vnr 211
040 _cBPK
041 0 _apl
080 _a621.3::620.2(075.8)
942 _cKS
008 s pl f |000 0 pol
999 _c34587
_d34587
856 _uhttp://koha.tu.koszalin.pl/cgi-bin/koha/opac-detail.pl?biblionumber=34587
_yKatalog online BPK